000 00729nam a2200241 a 4500
001 BRCA_3604
005 20190320204341.0
008 110809s1959----gw-a---###---#000-0#ger-#
041 _ager
044 _agw
050 4 _aN1677
_b.F55 1959
100 1 _aFillitz, Hermann
_99280
245 1 0 _aDie Weltliche Schatzkammer in Wien
_cvon Hermann Fillitz.
260 _aBraunschweig, Alemania
_bKlinkhardt & Biermann
_c1959
300 _a46 p.
_bil.
_c20 cm.
500 _aB273
610 2 4 _aKunsthistorisches Museum Schtzkammer (Viena)
_99353
650 1 4 _aSacro Imperio Romano Germánico
_xInsignias
_99282
650 1 4 _aInsignias reales
_99283
650 1 4 _aGalerías y museos
_zAustria
_97952
902 _aGFM
942 _2lcc
_cB
999 _c3339
_d3339